[Event "OP-2011-0-01479"]
[Site "LSS email"]
[Date "2011.04.07"]
[Round "?"]
[White "Vyzharov, Ivan"]
[Black "Nicacio, Moises"]
[Result "1-0"]
[WhiteElo "2148"]
[BlackElo "800"]
[PlyCount "23"]
[EventDate "2011.04.03"]
[EventType "tourn (corr)"]
[EventRounds "4"]
[EventCountry "GER"]
[SourceTitle "Corr 2015"]
[Source "ChessBase"]
[SourceDate "2015.07.17"]
[SourceVersion "1"]
[SourceVersionDate "2015.07.17"]
[SourceQuality "1"]

1. c4 e5 2. Nc3 Nc6 3. Nf3 Nf6 4. e4 Bb4 5. Be2 d6 6. d3 Bxc3+ 7. bxc3 Bg4 8. 0-0 Bxf3 9. Bxf3 g6 10. Bh6 Nh5 11. Rb1 b6 12. Bg4 1-0